000 00574nam a2200169 a 4500
001 000037068
005 20200930080124.0
008 120209s1977 ag a 000 0 spa d
040 _aDO-SdBNP
_bspa
_cBNPHU
082 _axxxx
_bxxxx
100 1 _aFarb, Peter
_963482
245 1 3 _aEl rostro de América del Norte :
_bHistoria natural de un continente /
_cPeter Farb ; traducción Aníbal Carlos Leal.
260 _aArgentina, :
_bTroquel,
_c1977.
300 _a360 p. :
_bil. ;
_c23 cm.
504 _aBibliografía : p. 360
700 1 _aCarlos Leal, Aníbal Carlos,
_etr.
_963483
999 _c36558
_d36558